| 000 | 01768nam a2200445Ii 4500 | ||
|---|---|---|---|
| 001 | DIGECOED0691 | ||
| 003 | NyNyDIG | ||
| 006 | m o d | ||
| 007 | cr ||||||||||| | ||
| 008 | 240904s2019 ck o 000 0 spa d | ||
| 035 | _a(OCoLC)1454785395 | ||
| 040 |
_aDGITA _beng _erda _epn _cDGITA |
||
| 020 | _z9789587717266 | ||
| 050 | 1 | 4 | _aHF5549 ebook |
| 082 | 0 | 4 |
_a658.3 _223 |
| 100 | 1 |
_aGarcía Álvarez, Santiago, _d1965- _eauthor. |
|
| 245 | 1 | 3 |
_aEl arte de dirigir personas hoy : _bretos y oportunidades de un futuro que ya está aquí / _cSanti García ; prólogo de Enrique Dans. |
| 250 | _aPrimera edición Colombia. | ||
| 264 | 1 |
_aBogotá : _bEcoe Ediciones, _c[2019] |
|
| 300 | _a1 online resource. | ||
| 336 |
_atext _btxt _2rdacontent |
||
| 337 |
_acomputer _bc _2rdamedia |
||
| 338 |
_aonline resource _bcr _2rdacarrier |
||
| 347 |
_atext file _2rdaft |
||
| 347 | _bPDF | ||
| 490 | 1 | _aColección: Ciencias empresariales. Área: Management | |
| 588 | 0 | _aOnline resource; title from PDF title page (Digitalia, viewed September 4, 2024) | |
| 650 | 0 | _aPersonnel management. | |
| 650 | 0 | _aHuman capital. | |
| 650 | 0 | _aEmployee motivation. | |
| 650 | 0 | _aCommunication in management. | |
| 700 | 1 |
_aDans, Enrique, _econtributor agent of text. |
|
| 791 | 2 |
_aDigitalia (Firm), _edistributor. |
|
| 793 | 0 |
_gDigitalia eBook Collection: _aEcoe Ediciones |
|
| 776 | 0 | 8 |
_iPrint version: _aGarcía Álvarez, Santiago, 1965- _tArte de dirigir personas hoy. _bPrimera edición Colombia. _dBogotá : Ecoe Ediciones, [2019] _z9789587717266 |
| 830 | 0 |
_aColección: Ciencias empresariales. _pÁrea: Management. |
|
| 856 | 4 | 0 |
_3Digitalia Hispánica _uhttps://www.digitaliapublishing.com/a/156712/ |
| 910 | _aPremium collection: 2024 | ||
| 942 | _cRAA | ||
| 999 |
_c286688 _d286688 |
||